000 00367nam a2200133Ia 4500
008 240624s9999 xx 000 0 und d
041 _aeng
082 _a387.5442 LEV
100 _aLEVINSON MARC
245 _aBOX HOW THE SHIPPING CONTAINER MADE THE
260 _c2006
_aNew Jersey
_bPrinceton University Press
300 _axi, : 376 : p. : cm. ; 24
365 _c
_b26
999 _c22447
_d22447